LEADER 01332nam a2200277 4500 001 000000361538 003 CaOOAMICUS 005 20250203115024.0 008 250203s2014 xxua 000 u eng r 020 $a978-0-300-24000-9 040 $aSeMil$bita 100 1 $aCarr, David McLain,$d<1961- >.$0(OLS)http://semarc/name/115913 245 10$aHoly resilience :$bthe Bible's traumatic origins /$cDavid M. Carr. 264 1$aNew Haven and London :$bYale University Press,$c2014. 300 $ax, 322 p. :$bill. ;$c22 cm 650 4$aBibbia - Storia.$0(OLS)http://semarc/subject/4025 650 4$aBibbia - Sofferenza.$0(OLS)http://semarc/subject/7050 650 4$aSofferenza - Aspetti religiosi - Giudaismo.$0(OLS)http://semarc/subject/57058 650 4$aSofferenza - Aspetti religiosi - Cristianesimo.$0(OLS)http://semarc/subject/57059 650 4$aBibbia - Violenza.$0(OLS)http://semarc/subject/12110 850 $aSeMil 852 $aSeMil$W1$xVenegono$y1$m2W III 107$j254234$B252501$CSeMilBibl$Z2$F252501 $81 996 $6020$a978-0-300-24000-9$9(OLS)http://semarc/number/302379 996 $6245$aHoly resilience :$bthe Bible's traumatic origins$9(OLS)http://semarc/title/452290 996 $6264$aNew Haven and London :$bYale University Press$9(OLS)http://semarc/publisher/38425 LEADER 01133nam a2200265 i 4500 001 000000045122 003 CaOOAMICUS 005 20091116000000.0 008 091116s1980 sp u000 u spa u 013 $a16292 020 $a84-313-0665-3 040 $aSeMil$bita 100 1 $aMiralles, Antonio.$0(OLS)http://semarc/name/22475 245 13$aEl concepto de tradicion en Martin Perez de Ayala /$cAntonio Miralles. 260 $aPamplona :$bEd. Universidad de Navarra,$c1980. 300 $a133 p. ;$c24 cm. 490 0 $aColección teológica ;$v26 650 4$aPerez de Ayala, Martin.$0(OLS)http://semarc/subject/9660 650 4$aTradizione - Teologia.$0(OLS)http://semarc/subject/5575 830 0$aColección teológica ;$v26.$0(OLS)http://semarc/title/5970 850 $aSeMil 852 $aSeMil$W1$xVenegono$y1$m2B V 306$j11277$B11277$CSeMilBibl$Z2$F11277 $81 996 $6020$a84-313-0665-3$9(OLS)http://semarc/number/17212 996 $6245$aEl concepto de tradicion en Martin Perez de Ayala$9(OLS)http://semarc/title/66996 996 $6260$aPamplona :$bEd. Universidad de Navarra$9(OLS)http://semarc/publisher/40642